| 000 | 00324nam a22001217a 4500 | ||
|---|---|---|---|
| 020 | _a9780198070771 | ||
| 082 | _a620.0042 BHA | ||
| 100 |
_aBhattacharyya, Basudeb _969219 |
||
| 245 | _aMachine drawing , includes autocad supplements | ||
| 260 |
_aINDIA _bOXFORD UNIVERSITY PRESS _c2012 |
||
| 300 | _aVIII, 565P | ||
| 942 | _cBK | ||
| 999 |
_c576590 _d576590 |
||